000
00471nam a2200145Ia 4500
008
100122s9999 xx 000 0 und d
082
_b
48594
_a
821
100
_a
सुर्वे नारायण
245
_a
माझे विद्यापीठ
260
_b
पॉप्युलर प्रकाशन
_c
1993
300
_a
64
630
_a
माझे विद्यापीठ
730
_a
माझे विद्यापीठ
942
_c
BOOK
999
_c
427133
_d
427130